000 00816nam a22002535i 4500
001 12574
003 ES-MaACL
005 20240527195127.0
007 t|
008 920312s1990 sp ||||0| spa j
020 _a84-235-0911-7
040 _aM-BN
_bspa
_cM-BN
080 _a946.0"1872/76"
100 1 _aAntoñana, Pablo.
_921997
245 1 0 _aNoticias de la Segunda Guerra Carlista /
_cPablo Antoñana.
260 _a[Pamplona] :
_bInstitución Príncipe de Viana,
_cD.L. 1990.
300 _a53 p :
_bil. col. y n ;
_c32 cm.
490 1 _aPanorama ;
_v16
651 0 _aEspaña-
_xHistoria-
_y1872-1876, Guerra carlista
_9179965
710 2 _aInstitución Príncipe de Viana
_94730
830 0 _aPanorama ;
_v16
_9181571
852 _aES-MaACL
_jL-19816
_bR.119336
999 _c12574
_d12574